| 000 | 00361nam a22001457a 4500 | ||
|---|---|---|---|
| 003 | SISC | ||
| 005 | 20160602161256.0 | ||
| 008 | 160602b xxu||||| |||| 00| 0 eng d | ||
| 020 | _a02184206 | ||
| 050 |
_aRM 138 _b.M656 2006 |
||
| 245 |
_aMIMS : _bPhilippines / |
||
| 260 |
_aAustralia : _bCMPMedica, _c2006. |
||
| 300 |
_a456 pages ; _c21 cm. |
||
| 942 |
_2lcc _cBK |
||
| 999 |
_c295588 _d295588 |
||